Filmografia di Tim Burton - Statistics

Statistiche generali
  • Questo quiz è stato fatto 53 volte
  • Il punteggio medio è 10 su 20
Statistiche sulle risposte
Anno Film % Corretto
2005 La sposa cadavere
90%
1988 Beetlejuice - Spiritello porcello
88%
1990 Edward mani di forbice
80%
2005 La fabbrica di cioccolato
73%
2010 Alice in Wonderland
70%
2024 Beetlejuice Beetlejuice
65%
1989 Batman
63%
2019 Dumbo
48%
2003 Big Fish - Le storie di una vita incredibile
45%
1992 Batman - Il ritorno
43%
2012 Frankenweenie
43%
1999 Il mistero di Sleepy Hollow
43%
2016 Miss Peregrine - La casa dei ragazzi speciali
43%
2012 Dark Shadows
40%
2007 Sweeney Todd - Il diabolico barbiere di Fleet Street
40%
2014 Big Eyes
38%
2001 Planet of the Apes - Il pianeta delle scimmie
38%
1994 Ed Wood
30%
1996 Mars Attacks!
30%
1985 Pee-wee's Big Adventure
25%
Nessun quiz corrispondente trovato
Distribuzione punteggi
Percentuale di utenti per punteggio
Percentile per numero di risposta
I tuoi punteggi nel tempo
Non hai fatto questo quiz